00462nam a2200169Ia 450000500170000000800460001703700120006304000210007504100130009608400230010910000270013224500290015926000480018830000140023636500140025065000280026420250508164359.0008 250505s9999 xx 000 0 hin d aTextual aFEDL bengcFEDL ahin2hin a891.431, CHAqFEDL aChaturvedi Ram Swaroop 0aAadhunik kavita - yatara aAllahabad, IndiabLokbharti Prakashanc2005 axvii,169p aINRb1250 aHindi literature-Poetry